Statistics for Countries with the Highest Efforts to Reduce Global Warming

Click here to take the quiz!

General Stats

  • This quiz has been taken 56 times
  • The average score is 7 of 13

Answer Stats

Answer % Correct
12Norway
94%
13Finland
92%
4Sweden
90%
8United Kingdom
90%
15Denmark
82%
9Switzerland
62%
6Lithuania
46%
7Latvia
46%
17Portugal
42%
11India
28%
10Malta
18%
14Croatia
16%
5Morocco
10%

Score Distribution

Percentile by Number Answered

Percent of People with Each Score

Your Score History

You have not taken this quiz